000 00811nam a22002057a 4500
999 _c61353
_d61353
005 20240222115811.0
008 240222s1975 enk||||| |||| 00| 0 eng d
020 _a0687034396x
041 _aeng
080 _a821.111.1+27 B-56
245 _aBiblical images in literature :
_b(The Bible in literature courses) /
_cEdited Roland Bartel, J. S. Ackerman, T. S. WarShaw.
264 _aNashville:
_bAbingdon Press,
_c1975.
300 _a383 p.;
_b22 cm.
653 _aბიბლიური სურათები ლიტერატურაში
653 _aრელიგია
700 _aBartel, Roland
_eრედაქტორი
_921265
700 _aAckerman, J. S.
_eრედაქტორი
_921266
700 _aWarshaw, T. S.
_eრედაქტორი
_921267
942 _2udc
_cBK